000 00292nam a2200121 a 4500
001 4144
005 20140414131907.0
008 090317s19uu xx 00 eng d
050 _aFIC
_bB93 1987
100 _aBurnett, Frances Hodgson Burnett
245 _aThe Secret garden.
999 _c110981
_d110981